000 00300nam a2200097Ia 4500
005 20250424112844.0
008 250424s9999 xx 000 0 und d
300 _aiv, 251 p. :ill. 28 cm
650 _aEconomic development--Nigeria--Periodicals. Nigeria--Economic conditions--Periodicals.
942 _cSR
999 _c37524
_d37524